00408nam a2200157Ia 450000500170000000800410001702000180005805000240007610000180010024500470011826000300016530000340019544000060022952100070023552600080024220140402081953.0140130s9999 xx 000 0 und d a9781606310588 aBL 783 b.B79 2010 aBryant, Megan cMegan Bryant.aMythlopedia :boh my gods / bScholastic,c2010.aUSA : a128 p. :bcol. ill. ;c22 cm. v1 aG8 c960